Fortnite Assault Rifles - Statistics

General Stats
  • This quiz has been taken 54 times
  • The average score is 9 of 41
Answer Stats
First Appearance Last Appearance Gray Green Blue Purple Gold Answer % Correct
OG C2 REMIX Assualt Rifle
94%
OG C2 REMIX Burst
79%
C1 S6 C2 REMIX Heavy
58%
OG C5 S1 Scoped
48%
C1 S5 C2 REMIX Suppressed
35%
C1 S9 C2 REMIX Tactical
33%
C2 S8 C5 S3 Combat
31%
C6 S1 C6 S1 Holo-Twister
31%
C5 S1 C5 S3 Striker
31%
C3 S3 C3 S4 Hammer
29%
C1 S7 C2 S6 Infantry
29%
C1 S4 C2 REMIX Drum Gun
27%
C2 S6 C2 S6 Makeshift
27%
C4 S4 C4 S4 Twin Mag
27%
C6 S1 C6 S1 Fury
23%
C5 S1 C5 S2 Nemesis
23%
C2 S6 C2 S6 Primal
23%
C2 S7 C3 S4 Pulse Rifle
21%
C3 S1 C6 S1 Ranger
21%
C3 S2 C5 S4 Striker Burst
21%
C5 S1 C5 S1 Enforcer
19%
C4 S1 C4 S4 Red-eye
19%
C4 S2 C4 S4 Havoc Suppressed
17%
C4 S3 C4 S3 MK-Alpha
17%
C1 S4 C3 S2 Thermal Scoped
17%
C3 S1 C3 S2 MK-Seven
15%
C4 S3 C4 S3 Flapjack
13%
C5 S2 C5 S2 Warforged
10%
C5 S3 C5 S3 Tri-Beam Laser Rifle
8%
C3 S4 C3 S4 Evochrome Burst
6%
C1 S2 C2 REMIX Minigun
6%
C1 S3 C4 OG Light Machine Gun
4%
C4 S2 C4 S2 Overclocked Pulse Rifle
4%
C2 S8 C3 S2 Sideways Rifle
4%
C2 S7 C2 S7 Burst Pulse Rifle
2%
C2 S5 C5 S2 E-11 Blaster
2%
C2 S1 C2 S1 First Order Blaster
2%
C4 S2 C5 S2 DC-15 Laser Rifle
0%
C1 S8 C1 S8 Laser Rifle
0%
C2 S8 C3 S2 Sideways Minigun
0%
C2 S4 C5 S4 Stark Industries Laser
0%
No matching quizzes found
Score Distribution
Percent of People with Each Score
Percentile by Number Answered
Your Score History
You have not taken this quiz